00656nam a2200181Ia 4500003000400000005001700004008004100021040000700062041001200069082001600081100009400097245018300191260004300374300001700417365001200434650001300446650001500459OSt20250530115536.0210719s2020 xx 000 0 und d cAL aKannada a398.2K SHEK aSHETTY (Talluru Shivarama)dಶೆಟ್ಟಿ (ತಲ್ಲೂರು ಶಿವರಾಮ) aKalasanchaya: dakshina bharatada kelavu anushtana kalegalubಕಲಾಸಂಚಯ: ದಕ್ಷಿಣ ಭಾರತದ ಕೆಲವು ಅನುಷ್ಠಾನ ಕಲೆಗಳು  aUdupibTallur's family Trust (R)c2020 axxiv,236bPB b300cRs aFolklore aYakshagana